|
|
|
|
| LEADER |
00000ckm a2200000 a 4500 |
| 001 |
vtls001362219 |
| 003 |
SK-MaSNL |
| 005 |
20260301160915.0 |
| 007 |
kf ou |
| 008 |
240409s1999 xo g 0k slo |
| 015 |
|
|
|a SNBG1999/04-01889
|
| 035 |
|
|
|a SNK000315812
|
| 035 |
|
|
|a urn:nbn:sk:snk-km002p04
|
| 035 |
|
|
|a 7AC9612E-5029-4A64-85B9-10DCFEB9DE1A
|
| 035 |
|
|
|a urn:nbn:sk:snk-kmtfvi
|
| 040 |
|
|
|a SNK
|b slo
|c SNK
|e AACR2
|
| 041 |
0 |
|
|a slo
|
| 044 |
|
|
|a xo
|c SK
|
| 080 |
|
|
|a 796.032.2-053.6(4)
|2 1981
|
| 080 |
|
|
|a (084.5)796
|2 1981
|
| 111 |
2 |
|
|a Európske zimné olympijské dni mládeže
|n (4 :
|d 1999 :
|c Poprad-Tatry, Slovensko)
|9 82100
|
| 245 |
1 |
0 |
|a IV. EYOD 1999 Poprad - Tatry Slovakia
|c grafika
|b IV. Európske zimné olympijské dni mládeže : 6.-12. marec 1999
|
| 246 |
3 |
|
|a Štvrté Európske zimné olympijské dni mládeže
|
| 260 |
|
|
|a Poprad
|b Združenie na prípravu a zabezpečenie 4. Európskych olympijských dní mládeže
|c 1999
|
| 300 |
|
|
|a 1 plagát
|c 60 x 42 cm
|
| 648 |
|
7 |
|a 1999
|2 SNKPH
|9 266597
|
| 650 |
0 |
7 |
|a športové súťaže
|2 SNKPH
|9 1047
|
| 650 |
0 |
7 |
|a olympijské športy
|2 SNKPH
|9 73163
|
| 650 |
0 |
7 |
|a mládež
|2 SNKPH
|9 1575
|
| 651 |
|
7 |
|a Poprad (Slovensko)
|2 SNKPH
|9 20155
|
| 651 |
|
7 |
|a Tatry (Poľsko a Slovensko : pohorie)
|2 SNKPH
|9 176859
|
| 655 |
|
7 |
|a športové plagáty
|2 SNKPH
|9 62835
|
| 852 |
|
|
|a Slovenská národná knižnica
|
| 958 |
|
|
|a CP
|
| 958 |
|
|
|a GBN
|
| 958 |
|
|
|a OND
|
| 999 |
|
|
|c 807404
|d 809334
|
| 952 |
|
|
|t P60, <03>, [BOOK], {603}
|a SNK
|b SNK
|y PREZ
|7 0
|p 17A1162191
|o snkLPA 43310
|i snkPL 54/99
|0 0
|1 0
|4 0
|d 1999-05-03
|f 1
|l 0
|r 2005-01-02 00:00:00
|w 2026-02-24
|